| 000 | 00988nam a22002057a 4500 | ||
|---|---|---|---|
| 005 | 20240806123858.0 | ||
| 010 | _aHIN-128089 | ||
| 020 |
_c205.00 _a9788123799452 |
||
| 035 | _aHN-100435 | ||
| 037 | _bDBAD | ||
| 082 | _a808.88 | ||
| 100 |
_aउपाध्याय, राजेन्द्र _969565 |
||
| 245 |
_aदीवार के पार, दुनिया अपार: _bयात्रा वृत्तांत/ _cराजेन्द्र उपाध्याय |
||
| 250 | _aप्रथम | ||
| 260 |
_aनई दिल्ली _bराष्ट्रीय पुस्तक न्यास _c2021 |
||
| 270 |
_aनेहरू भवन, 5 इंस्टिट्यूशनल एरिया,फेज-II, वसंत कुंज _bनई दिल्ली _e110070 |
||
| 300 |
_a135पृ. _c22सेमी. (अजिल्द) |
||
| 650 |
_aहिन्दी _969566 |
||
| 942 |
_2ddc _cHN _h808.88 _mउपाध्या |
||
| 999 |
_c204872 _d204872 |
||